| 000 | 01386cam a22003378i 4500 | ||
|---|---|---|---|
| 999 |
_c28049 _d28020 |
||
| 001 | 20805815 | ||
| 003 | EG-ScBUE | ||
| 005 | 20200212105459.0 | ||
| 008 | 190110s2019 enka f b 001 0 eng d | ||
| 020 | _a9781138060050 (pbk.) | ||
| 040 |
_aDLC _beng _erda _cDLC _dEG-ScBUE |
||
| 082 | 0 | 4 |
_a333.7 _bTHA _222 |
| 100 | 1 |
_aThampapillai, Dodo J., _eauthor. |
|
| 245 | 1 | 0 |
_aEnvironmental economics : _bconcepts, methods and policies / _cDodo J. Thampapillai and Matthias Ruth. |
| 264 | 1 |
_aMilton Park, Abingdon, Oxon ; _aNew York, NY : _bRoutledge, Taylor and Francis Group, _c2019. |
|
| 300 |
_axviii, 323 pages : _billustrations ; _c24 cm |
||
| 336 |
_atext _btxt _2rdacontent |
||
| 337 |
_aunmediated _bn _2rdamedia |
||
| 338 |
_avolume _bnc _2rdacarrier |
||
| 504 | _aIncludes bibliographical references and index. | ||
| 650 | 7 |
_aEnvironmental economics. _2BUEsh |
|
| 650 | 7 |
_aEconomic development _xEnvironmental aspects. _2BUEsh |
|
| 653 |
_bBUSECO _cFebruary2020 |
||
| 655 |
_vReading book _934232 |
||
| 700 | 1 |
_aRuth, Matthias, _eauthor. |
|
| 776 | 0 | 8 |
_iOnline version: _aThampapillai, Dodo J., author. _tEnvironmental economics _dAbingdon, Oxon ; New York, NY : Routledge, 2019 _z9781315163246 _w(DLC) 2019001425 |
| 906 |
_a7 _bcbc _corignew _d1 _eecip _f20 _gy-gencatlg |
||
| 942 |
_2ddc _cBB |
||